Report on planet three and other speculations / (Record no. 127532)

MARC details
000 -LEADER
fixed length control field 00609nam a22002057a 4500
005 - DATE AND TIME OF LATEST TRANSACTION
control field 20170124110026.0
010 ## - LIBRARY OF CONGRESS CONTROL NUMBER
LC control number 697512
020 ## - INTERNATIONAL STANDARD BOOK NUMBER
Terms of availability 00.00
International Standard Book Number 0575013311
035 ## - SYSTEM CONTROL NUMBER
System control number 697512
037 ## - SOURCE OF ACQUISITION
Source of stock number/acquisition Cen Lib/Ret
040 ## - CATALOGING SOURCE
Original cataloging agency DPL
Language of cataloging EN
082 ## - DEWEY DECIMAL CLASSIFICATION NUMBER
Classification number 629.14353
Item number CLA
100 ## - MAIN ENTRY--PERSONAL NAME
Personal name Clarke, Arthur C.
9 (RLIN) 20758
245 ## - TITLE STATEMENT
Title Report on planet three and other speculations /
Statement of responsibility, etc by Arthur C. Clarke
260 ## - PUBLICATION, DISTRIBUTION, ETC. (IMPRINT)
Place of publication, distribution, etc London
Name of publisher, distributor, etc Victor Gollancz Ltd.
Date of publication, distribution, etc 1972
300 ## - PHYSICAL DESCRIPTION
Extent xii,249p.
Dimensions 20cm(Hb)
650 ## - SUBJECT ADDED ENTRY--TOPICAL TERM
Topical term or geographic name as entry element Outer space
9 (RLIN) 20759
650 ## - SUBJECT ADDED ENTRY--TOPICAL TERM
Topical term or geographic name as entry element Exploration of outer space
9 (RLIN) 20760
942 ## - ADDED ENTRY ELEMENTS (KOHA)
Source of classification or shelving scheme Dewey Decimal Classification
Koha item type English Books
Classification part 629.14353
Call number suffix CLA
Holdings
Withdrawn status Lost status Damaged status Not for loan Home library Current library Date acquired Source of acquisition Cost, normal purchase price Total Checkouts Full call number Barcode Date last seen Copy number Cost, replacement price Price effective from Koha item type Public note
Written off       Central Library Central Library 29/06/2015 Cen Lib/Ret 0.00   629.14353 CLA 697512 29/06/2015 1 0.00 29/06/2015 English Books W/d List No. 6870/6 ; dtd 13/08/2020

© Delhi Public Library
Hit Counter
free hit counter